Normal view
MARC view
Entry Topical Term
001 - CONTROL NUMBER
- control field: 22491
003 - CONTROL NUMBER IDENTIFIER
- control field: dpl
005 - DATE AND TIME OF LATEST TRANSACTION
- control field: 20100930113857.0
008 - FIXED-LENGTH DATA ELEMENTS
- fixed length control field: 100930|||a|||||| | ||| d
040 ## - CATALOGING SOURCE
- Original cataloging agency: dpl
- Transcribing agency: dpl
150 ## - HEADING--TOPICAL TERM
- Topical term or geographic name as entry element: HIndi language
- General subdivision: Dictionary
670 ## - SOURCE DATA FOUND
- Source citation: Work cat.: (dpl)17304: मिश्र, विद्यानिवास 22489, हिन्दी की शब्द-सम्पदा:, 2008
670 ## - SOURCE DATA FOUND
- Source citation: Work cat.: (dpl)17304: मिश्र, विद्यानिवास 22489, हिन्दी की शब्द-सम्पदा:, 2008
